000
00321pam a2200157a 44500
008
230515b1913 xxu||||| |||| 00| 0 eng d
020
_a
NULL
041
_a
MARATHI
082
_a
1
100
_a
KALOKHE
245
_a
ASHKTATA
250
_a
1
260
_a
SANGALI
_b
N.D.
_c
1913
300
_a
100
650
_a
ASHKTATA
999
_c
496966
_d
496966